000 00337nam a2200133Ia 4500
005 20251222144920.0
008 251222s9999||||xx |||||||||||||| ||spa||
020 _a84-89309-91-4
082 _a985.01/C77
100 _aCook, Anita G.
245 0 _aWari y Tiwanaku:
264 _bPontificia Universidad Católica Del Perú
942 _cLIB
999 _c22685
_d22685